LEADER 01330nam--2200397---450- 001 990000329940203316 005 20050912121421.0 010 $a88-387-1910-1 035 $a0032994 035 $aUSA010032994 035 $a(ALEPH)000032994USA01 035 $a0032994 100 $a20010126d200-2000km-y0itay0103----ba 101 $aita 102 $aIT 105 $a||||||||001yy 200 1 $aConcorso per il personale educativo istitutori e istitutrici$emanuale completo per la prova scritta ed orale$etemi svolti$fSebastiano Moncada 210 $aRimini$cMaggioli$d[200?] 606 $aConvitti nazionali$xManuali per concorsi 676 $a373.45 700 1$aMONCADA,$bSebastiano$0542785 801 0$aIT$bsalbc$gISBD 912 $a990000329940203316 951 $aII.4. 1259(VI B 669)$b28039 G.$cVI B$d00069484 959 $aBK 969 $aGIU 979 $aTAMI$b40$c20010126$lUSA01$h1237 979 $aTAMI$b40$c20010126$lUSA01$h1241 979 $aTAMI$b40$c20010126$lUSA01$h1242 979 $aTAMI$b40$c20010126$lUSA01$h1358 979 $aTAMI$b40$c20010129$lUSA01$h1219 979 $c20020403$lUSA01$h1641 979 $aPATRY$b90$c20040406$lUSA01$h1623 979 $aCOPAT6$b90$c20050912$lUSA01$h1214 996 $aConcorso per il personale educativo istitutori e istitutrici$9879794 997 $aUNISA